[Event "III Open FIDE"]
[Site "Forli' ITA"]
[Date "1990.09.08"]
[Round "1"]
[White "Antonsen, Mikkel"]
[Black "Stelzer, Harald"]
[WhiteElo "2355"]
[BlackElo "2240"]
[Result "1-0"]
[PlyCount "81"]
[EventDate "1990.09.08"]

1. d4 d5 2. c4 e6 3. Nf3 Nf6 4. Nc3 Be7 5. cxd5 exd5 6. Bg5 Nbd7 7. Qc2 c6 8.
e3 O-O 9. Bd3 Re8 10. O-O Nf8 11. h3 Nh5 12. Bxe7 Qxe7 13. Rab1 Ng6 14. b4 a6
15. a4 Nf6 16. b5 axb5 17. axb5 Be6 18. bxc6 bxc6 19. Na4 Rac8 20. Rb6 Qd6 21.
Rc1 Ne7 22. Ne5 g6 23. Qc5 Red8 24. Rb7 Kf8 25. Nb6 Qxc5 26. dxc5 Rb8 27. Rxe7
Kxe7 28. Nxc6+ Ke8 29. Bb5 Kf8 30. Nxd8 Rxd8 31. f3 Rb8 32. Ra1 Rb7 33. g4 h6
34. Kf2 Rc7 35. c6 Ke7 36. Na8 Rc8 37. Ra7+ Kd6 38. c7 Rf8 39. Ba6 Kc5 40.
c8=Q+ Rxc8 41. Bxc8 1-0

[Event "III Open FIDE"]
[Site "Forli' ITA"]
[Date "1990.09.08"]
[Round "1"]
[White "Atalik, Suat"]
[Black "Pozzi, Enrico"]
[WhiteElo "2415"]
[BlackElo "2255"]
[Result "1-0"]
[PlyCount "75"]
[EventDate "1990.09.08"]

1. d4 Nf6 2. c4 g6 3. Nc3 Bg7 4. e4 d6 5. Be2 O-O 6. Nf3 e5 7. O-O Nc6 8. Be3
Re8 9. dxe5 Nxe5 10. Nxe5 dxe5 11. Qxd8 Rxd8 12. Rfd1 Rxd1+ 13. Rxd1 Be6 14.
Nb5 Ne8 15. Nxa7 f6 16. a3 c6 17. Bb6 Bf8 18. c5 f5 19. exf5 gxf5 20. a4 Nf6
21. a5 Bd5 22. b4 Nd7 23. f4 e4 24. Kf2 Kf7 25. h3 Bg7 26. Nb5 Nxb6 27. cxb6
Bf8 28. Nc7 Rd8 29. a6 bxa6 30. Nxa6 Bd6 31. b5 Ke7 32. b7 Bxf4 33. bxc6 Bxc6
34. Rxd8 Kxd8 35. b8=Q+ Bxb8 36. Nxb8 Bb7 37. Ke3 Ke7 38. Kf4 1-0

[Event "III Open FIDE"]
[Site "Forli' ITA"]
[Date "1990.09.08"]
[Round "1"]
[White "Barbero, Gerardo F."]
[Black "Schneider, Bernd"]
[WhiteElo "2475"]
[BlackElo "2280"]
[Result "1/2-1/2"]
[PlyCount "129"]
[EventDate "1990.09.08"]

1. d4 Nf6 2. c4 c5 3. d5 b5 4. Nf3 bxc4 5. Nc3 d6 6. e4 g6 7. Bxc4 Bg7 8. O-O
O-O 9. h3 Ba6 10. Nd2 Nfd7 11. Bxa6 Nxa6 12. Qe2 Nc7 13. Nc4 Nb6 14. Ne3 Qd7
15. Rd1 Rfb8 16. a4 a5 17. Ng4 Qe8 18. Bh6 Bh8 19. e5 Nd7 20. Bf4 h5 21. exd6
exd6 22. Ne3 Ne5 23. Rd2 Rb4 24. Bh2 Rab8 25. Kh1 f5 26. Re1 Qd7 27. Bxe5 Bxe5
28. Nc4 Re8 29. Nxe5 Rxe5 30. Qd1 Qe8 31. Rxe5 Qxe5 32. Re2 Qf6 33. Qe1 Kf7 34.
Qd2 g5 35. Re3 g4 36. Kg1 Qg5 37. Qc2 Qf6 38. hxg4 hxg4 39. g3 Rb8 40. Kg2 Re8
41. Rxe8 Kxe8 42. Qb3 f4 43. gxf4 Qxf4 44. Qb6 Kd7 45. Qxa5 Qf3+ 46. Kg1 g3 47.
fxg3 Qxg3+ 48. Kf1 Qf4+ 49. Ke2 Qh2+ 50. Kd3 Qxb2 51. Qa7 Kc8 52. Qa5 Qb3 53.
Kd2 Qb2+ 54. Kd3 Kb7 55. Nb5 Qb3+ 56. Ke2 Qa2+ 57. Ke1 Qb1+ 58. Ke2 Nxb5 59.
axb5 Qe4+ 60. Kf2 Qd4+ 61. Kg3 Qxd5 62. Qa6+ Kb8 63. Kf2 Qf7+ 64. Ke1 Qc7 65.
Kd1 1/2-1/2

[Event "III Open FIDE"]
[Site "Forli' ITA"]
[Date "1990.09.08"]
[Round "1"]
[White "Bode, Ulf"]
[Black "Tatai, Stefano"]
[WhiteElo "2250"]
[BlackElo "2415"]
[Result "1/2-1/2"]
[PlyCount "75"]
[EventDate "1990.09.08"]

1. d4 Nf6 2. c4 e6 3. Nc3 Bb4 4. Qc2 c5 5. dxc5 O-O 6. Bg5 Nc6 7. a3 Bxc5 8. e3
b6 9. Nf3 Bb7 10. Rd1 Be7 11. Be2 Rc8 12. O-O Na5 13. Rd4 h6 14. Bf4 Bxf3 15.
gxf3 Nh5 16. Rfd1 Nxf4 17. Rxf4 Nc6 18. Rg4 f5 19. Rg2 a6 20. Qa4 Nb8 21. Kh1
Bf6 22. Qb3 Qc7 23. Na4 Bd8 24. Rc1 Rf7 25. c5 Qc6 26. Rgg1 b5 27. Nc3 Qb7 28.
Na2 Be7 29. a4 Rxc5 30. axb5 axb5 31. Rxc5 Bxc5 32. Qxb5 Qxb5 33. Bxb5 d6 34.
b4 Bb6 35. Rc1 Rc7 36. Rd1 d5 37. e4 fxe4 38. fxe4 1/2-1/2

[Event "III Open FIDE"]
[Site "Forli' ITA"]
[Date "1990.09.08"]
[Round "1"]
[White "Drei, Andrea"]
[Black "Gutman, Lev"]
[WhiteElo "2265"]
[BlackElo "2450"]
[Result "1/2-1/2"]
[PlyCount "95"]
[EventDate "1990.09.08"]

1. e4 c5 2. Nf3 d6 3. d4 cxd4 4. Nxd4 Nf6 5. Nc3 a6 6. Be3 e5 7. Nb3 Be6 8. Qd2
Be7 9. f4 exf4 10. Bxf4 Nc6 11. O-O-O Ne5 12. Be2 O-O 13. Nd4 b5 14. Nf5 Bxf5
15. exf5 Qc7 16. g4 b4 17. Nd5 Nxd5 18. Qxd5 Rfc8 19. Rd2 Nc4 20. Bxc4 Qxc4 21.
Re1 Qxd5 22. Rxd5 Rc4 23. Rxe7 Rxf4 24. Rxd6 Rxg4 25. Rxa6 Rg1+ 26. Kd2 Rd8+
27. Ke2 Rg2+ 28. Kf3 Rxc2 29. Raa7 Rf8 30. Re2 Rc5 31. Kf4 g6 32. fxg6 fxg6+
33. Kg3 Rg5+ 34. Kh3 Rg1 35. Rg2 Rf3+ 36. Rg3 Rgxg3+ 37. hxg3 b3 38. Kg4 Rd3
39. Kf4 bxa2 40. Rxa2 Kg7 41. Ra7+ Kh6 42. Rb7 g5+ 43. Kg4 Rd4+ 44. Kf5 Rd5+
45. Ke4 Rd8 46. g4 Rf8 47. Rb6+ Kg7 48. Rb7+ 1/2-1/2

[Event "III Open FIDE"]
[Site "Forli' ITA"]
[Date "1990.09.08"]
[Round "1"]
[White "Fries-Nielsen, Jens Ove"]
[Black "Magalotti, Andrea"]
[WhiteElo "2395"]
[BlackElo "2250"]
[Result "1/2-1/2"]
[PlyCount "68"]
[EventDate "1990.09.08"]

1. e4 c5 2. Nc3 Nc6 3. f4 g6 4. Nf3 Bg7 5. Bb5 Nd4 6. a4 a6 7. Bc4 e6 8. O-O
Ne7 9. e5 d5 10. exd6 Nef5 11. Ne4 Nxd6 12. Nxd6+ Qxd6 13. d3 O-O 14. c3 Nxf3+
15. Qxf3 Qc7 16. a5 Bd7 17. Be3 Rac8 18. Ra3 Rfd8 19. Qe2 Bb5 20. Raa1 Rd7 21.
Bxb5 axb5 22. Rfd1 Qc6 23. Qf2 Rd5 24. Rd2 Rcd8 25. Rad1 Bf6 26. c4 bxc4 27.
dxc4 Rxd2 28. Rxd2 Rxd2 29. Qxd2 Qe4 30. Bxc5 Qxc4 31. b4 h5 32. h3 Kh7 33. Kf2
h4 34. Kg1 e5 1/2-1/2

[Event "III Open FIDE"]
[Site "Forli' ITA"]
[Date "1990.09.08"]
[Round "1"]
[White "Grassi, Mario"]
[Black "Werner, Dimo"]
[WhiteElo "2210"]
[BlackElo "2340"]
[Result "0-1"]
[PlyCount "76"]
[EventDate "1990.09.08"]

1. Nf3 Nf6 2. c4 g6 3. Nc3 Bg7 4. e4 d6 5. d4 O-O 6. Be2 Nbd7 7. O-O e5 8. d5
Nc5 9. Qc2 a5 10. Ne1 Ne8 11. Nd3 f5 12. exf5 gxf5 13. f4 e4 14. Nxc5 Bd4+ 15.
Kh1 dxc5 16. Nd1 Ra6 17. Be3 Rh6 18. Bf2 Rf7 19. Ne3 Rg7 20. Qd2 Qf6 21. Rab1
Nd6 22. a3 a4 23. b4 axb3 24. Rxb3 Bd7 25. a4 Bxa4 26. Ra3 Bd7 27. g4 fxg4 28.
Ra8+ Kf7 29. Bg3 Bxe3 30. Qxe3 Nf5 31. Qxc5 Nxg3+ 32. Kg2 Rxh2+ 33. Kxh2 Qh4+
34. Kg2 Qh3+ 35. Kf2 Qh2+ 36. Ke3 Qxe2+ 37. Kd4 Qb2+ 38. Ke3 Nf5+ 0-1

[Event "III Open FIDE"]
[Site "Forli' ITA"]
[Date "1990.09.08"]
[Round "1"]
[White "Guerra, Ugo"]
[Black "Testa, Armando"]
[WhiteElo "2340"]
[BlackElo "2220"]
[Result "1/2-1/2"]
[PlyCount "28"]
[EventDate "1990.09.08"]

1. e4 c5 2. Nf3 Nc6 3. d4 cxd4 4. Nxd4 Nf6 5. Nc3 d6 6. Bg5 e6 7. Qd2 Be7 8.
O-O-O Nxd4 9. Qxd4 O-O 10. e5 dxe5 11. Qxe5 Bd7 12. h4 Rc8 13. Bd3 Rc5 14. Qe3
Qa5 1/2-1/2

[Event "III Open FIDE"]
[Site "Forli' ITA"]
[Date "1990.09.08"]
[Round "1"]
[White "Lagrotteria, Salvatore"]
[Black "Arduman, Can"]
[WhiteElo "2240"]
[BlackElo "2375"]
[Result "1/2-1/2"]
[PlyCount "43"]
[EventDate "1990.09.08"]

1. Nf3 g6 2. g3 Bg7 3. Bg2 d6 4. O-O e5 5. d3 Ne7 6. e4 O-O 7. c3 Nbc6 8. b4 a6
9. Bb2 d5 10. a3 h6 11. Nbd2 Be6 12. Re1 dxe4 13. dxe4 Nc8 14. Qc2 Nd6 15. a4
Qe7 16. Bf1 b5 17. axb5 axb5 18. Nb3 Bc4 19. Bg2 f6 20. Nc5 Bf7 21. Nd2 Rfb8
22. Bh3 1/2-1/2

[Event "III Open FIDE"]
[Site "Forli' ITA"]
[Date "1990.09.08"]
[Round "1"]
[White "Mauro, Alan"]
[Black "Marinelli, Tullio"]
[WhiteElo "2225"]
[BlackElo "2355"]
[Result "1/2-1/2"]
[PlyCount "137"]
[EventDate "1990.09.08"]

1. e4 c5 2. Nf3 d6 3. c3 Nf6 4. Be2 Nbd7 5. d3 g6 6. O-O Bg7 7. Re1 O-O 8. Bf1
Ne5 9. Nxe5 dxe5 10. Bg5 Qc7 11. Qc1 Rd8 12. h3 Nh5 13. Nd2 h6 14. Be3 Nf4 15.
Nb3 Nxd3 16. Bxd3 Rxd3 17. Nxc5 Rd6 18. Nb3 g5 19. f3 f5 20. Qc2 f4 21. Bf2 h5
22. Red1 g4 23. hxg4 hxg4 24. Rxd6 exd6 25. fxg4 Bxg4 26. Qd3 Be6 27. Rd1 Bf8
28. Nd2 a6 29. Nf3 Bxa2 30. Nh4 Be6 31. Ng6 Qg7 32. Nxf8 Rxf8 33. Kf1 Rf6 34.
Rd2 b5 35. Qf3 Bg4 36. Qd3 f3 37. gxf3 Bxf3 38. Qe3 Qg2+ 39. Ke1 Bxe4 40. Qg3+
Qxg3 41. Bxg3 Kf7 42. Rf2 Bf3 43. Kd2 e4 44. Ke3 Rg6 45. Bf4 Ke6 46. Rd2 d5 47.
Rh2 Rg1 48. Kd4 Kf5 49. Be3 Re1 50. b4 Kg4 51. Ra2 Be2 52. Bd2 Rd1 53. Ke3 Bc4
54. Rxa6 Rf1 55. Rg6+ Kh5 56. Rg2 Rf3+ 57. Kd4 Rd3+ 58. Ke5 Kh4 59. Bf4 Kh3 60.
Rh2+ Kg4 61. Rg2+ Kf3 62. Rh2 e3 63. Rh3+ Ke2 64. Rh2+ Kd1 65. Rh1+ Kd2 66. Rh3
Kxc3 67. Rxe3 Rxe3+ 68. Bxe3 Kxb4 69. Kd4 1/2-1/2

[Event "III Open FIDE"]
[Site "Forli' ITA"]
[Date "1990.09.08"]
[Round "1"]
[White "Meduna, Eduard"]
[Black "Kaiser, Dieter"]
[WhiteElo "2500"]
[BlackElo "2290"]
[Result "1/2-1/2"]
[PlyCount "79"]
[EventDate "1990.09.08"]

1. d4 Nf6 2. c4 e6 3. Nf3 Bb4+ 4. Bd2 c5 5. Bxb4 cxb4 6. a3 bxa3 7. Rxa3 O-O 8.
Nc3 d5 9. e3 Nc6 10. cxd5 exd5 11. Be2 Bf5 12. O-O Qe7 13. Qb3 Rad8 14. Bb5 Be4
15. Bxc6 bxc6 16. Ne5 Rc8 17. Qa4 Qb7 18. Rb3 Qe7 19. Rc1 c5 20. Qa3 Rfe8 21.
Ra1 cxd4 22. exd4 h5 23. Qxa7 Ra8 24. Qxa8 Rxa8 25. Rxa8+ Kh7 26. Rbb8 Kh6 27.
Rh8+ Nh7 28. Rhe8 Qb7 29. Reb8 Qc7 30. Rd8 f6 31. Rd7 Qb6 32. Nf7+ Kg6 33. Nh8+
Kh6 34. Ra2 Qxd4 35. Ra4 Qd2 36. Nf7+ Kg6 37. Nh8+ Kh6 38. Nf7+ Kg6 39. Nh8+
Kh6 40. Nf7+ 1/2-1/2

[Event "III Open FIDE"]
[Site "Forli' ITA"]
[Date "1990.09.08"]
[Round "1"]
[White "Oesterle, Peter"]
[Black "Polaczek, Richard"]
[WhiteElo "2260"]
[BlackElo "2420"]
[Result "1-0"]
[PlyCount "65"]
[EventDate "1990.09.08"]

1. e4 Nf6 2. e5 Nd5 3. c4 Nb6 4. d4 d6 5. exd6 cxd6 6. Nc3 Nc6 7. h3 g6 8. Nf3
Bg7 9. Be2 O-O 10. O-O Bf5 11. Be3 d5 12. c5 Nc4 13. Bxc4 dxc4 14. Qa4 e5 15.
Rfd1 exd4 16. Qxc4 d3 17. g4 Be6 18. Qxd3 Qxd3 19. Rxd3 f5 20. Rd6 fxg4 21. Nh2
g3 22. Rxe6 gxh2+ 23. Kg2 Be5 24. Ne4 Bxb2 25. Rb1 Bg7 26. Rxb7 Rae8 27. Ng5
Rc8 28. Rd6 Ne5 29. Ne6 Rf7 30. Rxf7 Nxf7 31. Rd7 a5 32. Nxg7 Kxg7 33. Ra7 1-0

[Event "III Open FIDE"]
[Site "Forli' ITA"]
[Date "1990.09.08"]
[Round "1"]
[White "Pieri, Filippo"]
[Black "Chiburdanidze, Maia G."]
[WhiteElo "2305"]
[BlackElo "2500"]
[Result "0-1"]
[PlyCount "50"]
[EventDate "1990.09.08"]

1. e4 e5 2. Nf3 d6 3. d4 exd4 4. Nxd4 Nf6 5. Nc3 Be7 6. Bc4 O-O 7. O-O Nc6 8.
h3 Ne5 9. Be2 Re8 10. f4 Ng6 11. g4 Bf8 12. f5 Ne5 13. g5 Nfd7 14. Qe1 c6 15.
Be3 b5 16. Qf2 b4 17. g6 bxc3 18. Nxc6 Qc7 19. gxh7+ Kh8 20. Nxe5 Nxe5 21. bxc3
Bb7 22. Bd3 d5 23. f6 dxe4 24. Be2 Nf3+ 25. Kh1 Re6 0-1

[Event "III Open FIDE"]
[Site "Forli' ITA"]
[Date "1990.09.08"]
[Round "1"]
[White "Rossi, Carlo"]
[Black "Malaniuk, Vladimir P."]
[WhiteElo "2280"]
[BlackElo "2480"]
[Result "0-1"]
[PlyCount "90"]
[EventDate "1990.09.08"]

1. e4 d6 2. f4 Nf6 3. Nc3 c6 4. Nf3 b5 5. e5 b4 6. exf6 bxc3 7. fxe7 cxd2+ 8.
Bxd2 Bxe7 9. Bc3 O-O 10. Bd3 Bf6 11. Qd2 Re8+ 12. Kf2 Qb6+ 13. Kg3 Bxc3 14.
Qxc3 Be6 15. Rae1 Nd7 16. Rhf1 Nf6 17. h3 Nd5 18. Qd4 c5 19. Qa4 Qb4 20. Bb5
Red8 21. Ng5 Bf5 22. c4 Qxa4 23. Bxa4 Nb6 24. Bc6 Rac8 25. Be4 Bxe4 26. Rxe4 h6
27. Nf3 Kf8 28. b3 a5 29. Rfe1 Rc7 30. Nh4 g6 31. f5 g5 32. Nf3 Kg7 33. Re7
Rxe7 34. Rxe7 Nd7 35. Re2 Kf6 36. Rd2 Nb6 37. Kg4 d5 38. h4 d4 39. hxg5+ hxg5
40. Ne1 Nd7 41. Nd3 Re8 42. g3 Re3 43. Nf2 Ne5+ 44. Kh3 Kxf5 45. Kg2 Re1 0-1

[Event "III Open FIDE"]
[Site "Forli' ITA"]
[Date "1990.09.08"]
[Round "1"]
[White "Vezzosi, Paolo"]
[Black "Casadei, Mauro"]
[WhiteElo "2325"]
[BlackElo "2205"]
[Result "1-0"]
[PlyCount "111"]
[EventDate "1990.09.08"]

1. d4 Nf6 2. Nf3 g6 3. Bg5 Bg7 4. Nbd2 d5 5. e3 O-O 6. Bd3 Nbd7 7. O-O Re8 8.
c4 c5 9. cxd5 cxd4 10. e4 Nc5 11. Qc2 Nxd3 12. Qxd3 h6 13. Bh4 Nh5 14. Nb3 g5
15. Bg3 Nxg3 16. hxg3 e6 17. dxe6 Bxe6 18. Rfd1 Bxb3 19. axb3 Qb6 20. Ra4 Rad8
21. Rc4 Re7 22. Rdc1 a6 23. Rc5 Rde8 24. Nd2 Re5 25. R5c4 R5e6 26. f4 Rc6 27.
Rxc6 bxc6 28. e5 Qb5 29. Qxd4 Qd5 30. Nf3 g4 31. Qxd5 cxd5 32. Nd4 f6 33. e6 f5
34. Nxf5 Rxe6 35. Rc8+ Bf8 36. Kf2 h5 37. Rd8 Rb6 38. Nd4 Kf7 39. Rxd5 Bg7 40.
Rd7+ Kf8 41. Nf5 Bxb2 42. Rd3 Rb5 43. Nd6 Rb4 44. Nc4 Bg7 45. Ke3 Ke7 46. Ke4
a5 47. Kd5 a4 48. bxa4 Rxa4 49. Re3+ Kf7 50. Nd6+ Kg6 51. Re6+ Kh7 52. Re7 h4
53. Ne8 h3 54. Rxg7+ Kh6 55. gxh3 gxh3 56. Rg8 1-0

[Event "III Open FIDE"]
[Site "Forli' ITA"]
[Date "1990.09.09"]
[Round "2"]
[White "Arduman, Can"]
[Black "Mauro, Alan"]
[WhiteElo "2375"]
[BlackElo "2225"]
[Result "1-0"]
[PlyCount "124"]
[EventDate "1990.09.08"]

1. d4 Nf6 2. Nf3 g6 3. c4 Bg7 4. g3 O-O 5. Bg2 d6 6. O-O Nc6 7. Nc3 e5 8. d5
Na5 9. Nd2 c5 10. a3 b6 11. b4 Nb7 12. Nb3 Nh5 13. e4 Bd7 14. bxc5 Nxc5 15.
Nxc5 bxc5 16. Rb1 Rb8 17. Rxb8 Qxb8 18. Qc2 Qc7 19. Bd2 f5 20. exf5 Bxf5 21.
Ne4 Nf6 22. Nxf6+ Bxf6 23. Be4 Bg7 24. Rb1 Qd7 25. Be3 Qc8 26. Bg5 Rf7 27. Bxf5
gxf5 28. Qb3 Qa6 29. Qb8+ Bf8 30. Bh6 f4 31. Qd8 Qxc4 32. Bxf8 Rxf8 33. Qxd6
Qe4 34. Rc1 fxg3 35. hxg3 Qf5 36. Qxc5 e4 37. d6 Qxc5 38. Rxc5 Rd8 39. Rc6 Rd7
40. Kf1 Kf7 41. Ke2 Ke6 42. Rc7 Rxd6 43. Rxh7 Kd5 44. Rxa7 Rb6 45. Rd7+ Ke5 46.
Rd2 Ra6 47. Ra2 Ra4 48. Ke3 Kf5 49. Kd2 Kg4 50. Kc3 Kf3 51. Kb3 Ra8 52. a4 e3
53. fxe3 Kxe3 54. Kc4 Ke4 55. a5 Ke5 56. Kc5 Rc8+ 57. Kb6 Rb8+ 58. Kc7 Rb3 59.
a6 Rc3+ 60. Kd7 Rd3+ 61. Ke7 Rxg3 62. Ra5+ Kd4 1-0

[Event "III Open FIDE"]
[Site "Forli' ITA"]
[Date "1990.09.09"]
[Round "2"]
[White "Bretsnajdr, Vladimir"]
[Black "Berg, Klaus"]
[WhiteElo "2315"]
[BlackElo "2445"]
[Result "0-1"]
[PlyCount "92"]
[EventDate "1990.09.08"]

1. Nf3 Nf6 2. g3 d5 3. Bg2 c6 4. c4 dxc4 5. a4 Na6 6. Na3 Qd5 7. O-O Be6 8. Ne1
Qd7 9. Qc2 Qd4 10. Nf3 Qc5 11. Qc3 Bd5 12. Nd4 g6 13. e4 Bxe4 14. Ne6 Qd6 15.
Nxf8 Bxg2 16. Kxg2 Rxf8 17. Re1 Nc5 18. Nxc4 Qd5+ 19. f3 Ne6 20. Re5 Qd7 21. b4
Nd5 22. Qa3 f6 23. Re1 Kf7 24. Bb2 Rfd8 25. Rad1 h5 26. Ne3 Ng5 27. Nxd5 Qh3+
28. Kg1 Rxd5 29. Qe3 e5 30. f4 exf4 31. Qxf4 Rf5 32. Qc4+ Kg7 33. Re7+ Kh6 34.
Qe2 h4 35. Re3 hxg3 36. Rxg3 Qh5 37. Qxh5+ Kxh5 38. Rf1 Rxf1+ 39. Kxf1 f5 40.
Bd4 f4 41. Rc3 Rd8 42. Bxa7 Rxd2 43. Bb8 Kg4 44. h4 Ne4 45. Rc4 Kf3 46. Ke1 Rh2
0-1

[Event "III Open FIDE"]
[Site "Forli' ITA"]
[Date "1990.09.09"]
[Round "2"]
[White "Casadei, Mauro"]
[Black "Pieri, Filippo"]
[WhiteElo "2205"]
[BlackElo "2305"]
[Result "1/2-1/2"]
[PlyCount "93"]
[EventDate "1990.09.08"]

1. d4 Nf6 2. c4 c5 3. d5 e6 4. Nc3 exd5 5. cxd5 d6 6. e4 g6 7. f4 Bg7 8. Bb5+
Nfd7 9. a4 O-O 10. Nf3 Na6 11. O-O Nb4 12. Re1 a6 13. Bf1 Re8 14. h3 b6 15. Qb3
Bb7 16. Bd2 Nf6 17. g4 Qd7 18. Rad1 Nxe4 19. Rxe4 Rxe4 20. Nxe4 Bxd5 21. Bc4
Bxe4 22. Bxb4 cxb4 23. Ng5 d5 24. Qxb4 Qc6 25. Bb3 Qc5+ 26. Qxc5 bxc5 27. Bxd5
Bxd5 28. Rxd5 Bxb2 29. Rd7 Rf8 30. Rc7 Bc1 31. Ne4 Bxf4 32. Rc6 Re8 33. Nf6+
Kf8 34. Nxe8 Kxe8 35. Rxa6 Kd7 36. Kf2 Be5 37. Ke3 f5 38. gxf5 gxf5 39. Rh6 c4
40. a5 f4+ 41. Ke4 c3 42. Rxh7+ Ke6 43. Rh6+ Kd7 44. Kd3 f3 45. Rh4 Kc6 46. a6
f2 47. Ke2 1/2-1/2

[Event "III Open FIDE"]
[Site "Forli' ITA"]
[Date "1990.09.09"]
[Round "2"]
[White "Gutman, Lev"]
[Black "Bode, Ulf"]
[WhiteElo "2450"]
[BlackElo "2250"]
[Result "1-0"]
[PlyCount "53"]
[EventDate "1990.09.08"]

1. b3 Nf6 2. Bb2 e6 3. Nf3 d5 4. e3 Be7 5. c4 O-O 6. Be2 c6 7. O-O Nbd7 8. d3
b6 9. Nbd2 Bb7 10. Rc1 Rc8 11. Rc2 Bd6 12. Qa1 Qe7 13. Nd4 Bb8 14. cxd5 Nxd5
15. N4f3 e5 16. Nc4 Rfe8 17. g3 c5 18. a3 Qe6 19. e4 N5f6 20. Ng5 Qe7 21. Ne3
g6 22. f4 h6 23. Nh3 Nxe4 24. dxe4 exf4 25. gxf4 Qxe4 26. Rf3 Nf8 27. Ng4 1-0

[Event "III Open FIDE"]
[Site "Forli' ITA"]
[Date "1990.09.09"]
[Round "2"]
[White "Kaiser, Dieter"]
[Black "Barbero, Gerardo F."]
[WhiteElo "2290"]
[BlackElo "2475"]
[Result "1/2-1/2"]
[PlyCount "95"]
[EventDate "1990.09.08"]

1. d4 Nf6 2. c4 g6 3. Nc3 Bg7 4. e4 O-O 5. Be2 d6 6. Bg5 c5 7. d5 Qa5 8. Bd2 e6
9. Nf3 exd5 10. exd5 Bg4 11. O-O Nbd7 12. h3 Bxf3 13. Bxf3 a6 14. Qc2 Qc7 15.
a4 Rfe8 16. Rae1 Rxe1 17. Rxe1 Ne8 18. Be2 Be5 19. g4 Ng7 20. f4 Bd4+ 21. Kg2
f5 22. g5 Re8 23. Bf3 Rxe1 24. Bxe1 Qb6 25. Nd1 Nf8 26. a5 Qc7 27. Qd3 Qe7 28.
Bd2 Ne8 29. Qe2 Qd7 30. Nc3 Nc7 31. Qe1 Bg7 32. Bd1 Kf7 33. Ba4 Qd8 34. Qb1 Ne8
35. Qe1 Nc7 36. Nd1 Nd7 37. Qe2 Bd4 38. h4 h5 39. Bc2 Kg8 40. Ba4 Kf7 41. Qd3
Qe7 42. Bc3 Bxc3 43. Nxc3 Nf8 44. Kf2 Qd8 45. Ne2 Ne8 46. Qc3 Qc7 47. Ng3 Ng7
48. Ne2 1/2-1/2

[Event "III Open FIDE"]
[Site "Forli' ITA"]
[Date "1990.09.09"]
[Round "2"]
[White "Magalotti, Andrea"]
[Black "Guerra, Ugo"]
[WhiteElo "2250"]
[BlackElo "2340"]
[Result "1/2-1/2"]
[PlyCount "52"]
[EventDate "1990.09.08"]

1. e4 c5 2. Nf3 Nc6 3. d4 cxd4 4. Nxd4 Nf6 5. Nc3 e5 6. Ndb5 d6 7. Bg5 a6 8.
Na3 b5 9. Bxf6 gxf6 10. Nd5 f5 11. Bd3 Be6 12. Qh5 Rg8 13. f4 Nd4 14. O-O fxe4
15. Bxe4 Bg4 16. Qxh7 Rg7 17. Qh8 f5 18. fxe5 dxe5 19. Rad1 Qg5 20. Nc7+ Kd7
21. Nxa8 Bc5 22. Bb7 Rg8 23. Qh7+ Rg7 24. Qh8 Rg8 25. Qh7+ Rg7 26. Qh8 Rg8
1/2-1/2

[Event "III Open FIDE"]
[Site "Forli' ITA"]
[Date "1990.09.09"]
[Round "2"]
[White "Malaniuk, Vladimir P."]
[Black "Soylu, Suat"]
[WhiteElo "2480"]
[BlackElo "2320"]
[Result "1-0"]
[PlyCount "75"]
[EventDate "1990.09.08"]

1. d4 Nf6 2. c4 c5 3. d5 e6 4. Nc3 exd5 5. cxd5 d6 6. e4 g6 7. f4 Bg7 8. Bb5+
Nfd7 9. a4 O-O 10. Nf3 Nf6 11. O-O Bg4 12. h3 Bxf3 13. Qxf3 Nbd7 14. Re1 a6 15.
Bf1 Ne8 16. Bd2 Rb8 17. Rab1 Qb6 18. Qd1 Nc7 19. Kh1 Rfe8 20. Qc2 Nf6 21. Bc4
Nd7 22. Qd3 Qa7 23. e5 dxe5 24. d6 Ne6 25. f5 gxf5 26. Qxf5 Nf6 27. Rxe5 Nd4
28. Rxe8+ Rxe8 29. Qf2 Qb6 30. Bg5 Qxd6 31. Rf1 b5 32. axb5 axb5 33. Nxb5 Nxb5
34. Bxb5 Rb8 35. Bf4 Ne4 36. Qf3 Be5 37. Qxe4 Bxf4 38. Rxf4 1-0

[Event "III Open FIDE"]
[Site "Forli' ITA"]
[Date "1990.09.09"]
[Round "2"]
[White "Marinelli, Tullio"]
[Black "Lagrotteria, Salvatore"]
[WhiteElo "2355"]
[BlackElo "2240"]
[Result "1-0"]
[PlyCount "80"]
[EventDate "1990.09.08"]

1. d4 Nf6 2. c4 e6 3. Nc3 Bb4 4. Qc2 c5 5. dxc5 Bxc5 6. Nf3 Qb6 7. e3 Qc7 8.
Be2 a6 9. a3 b6 10. b4 Be7 11. Bb2 Bb7 12. O-O d6 13. Rfd1 Nbd7 14. Rac1 O-O
15. Qb1 Rfe8 16. Ng5 h6 17. Nge4 Rad8 18. Nxf6+ Nxf6 19. Bf1 Qb8 20. Qa1 Bf8
21. Ne2 e5 22. Nc3 Ne4 23. Nd5 Bc8 24. Qb1 Ng5 25. e4 Ne6 26. Qd3 Nc7 27. Nc3
b5 28. cxb5 axb5 29. Nxb5 Ba6 30. Rxc7 Bxb5 31. Qc3 Rc8 32. Rc1 Bd7 33. Ba6
Rxc7 34. Qxc7 Qxc7 35. Rxc7 Ba4 36. Bc4 Be7 37. Kf1 Kf8 38. Ke2 Bc2 39. Bxf7
Rd8 40. Bd5 Ba4 1-0

[Event "III Open FIDE"]
[Site "Forli' ITA"]
[Date "1990.09.09"]
[Round "2"]
[White "Schneider, Bernd"]
[Black "Meduna, Eduard"]
[WhiteElo "2280"]
[BlackElo "2500"]
[Result "0-1"]
[PlyCount "116"]
[EventDate "1990.09.08"]

1. d4 Nf6 2. Nf3 d5 3. c4 c6 4. cxd5 cxd5 5. g3 Nc6 6. Bg2 Bg4 7. O-O Qb6 8. e3
e6 9. Nc3 Be7 10. Qa4 O-O 11. Ne5 Bf5 12. Nxc6 bxc6 13. Qd1 Rfc8 14. b3 Nd7 15.
Na4 Qa6 16. Re1 c5 17. Bf1 c4 18. bxc4 dxc4 19. e4 Bg6 20. Bd2 Nb6 21. Nxb6
axb6 22. a4 Qb7 23. Bg2 c3 24. Bf4 Qd7 25. h4 h5 26. Re2 Rc4 27. Rea2 Qxd4 28.
Qxd4 Rxd4 29. Be3 Rb4 30. a5 Rxa5 31. Rxa5 bxa5 32. Rxa5 Bxe4 33. Bxe4 Rxe4 34.
Ra8+ Kh7 35. Rc8 Bf6 36. Kf1 Ra4 37. Ke2 Kg6 38. Rc5 Ra8 39. Kd3 Rd8+ 40. Ke4
Rd5 41. Rc7 Be5 42. Rc6 f5+ 43. Kf3 Kf7 44. Bg5 Bd4 45. Rc7+ Kg8 46. Rc8+ Kh7
47. Be7 e5 48. Bb4 Rb5 49. Rc4 c2 50. Bd2 Rc5 51. Rxc5 Bxc5 52. Bc1 e4+ 53. Ke2
Kg6 54. f3 Bd6 55. Ke3 Bxg3 56. fxe4 fxe4 57. Kxe4 Bxh4 58. Ke3 Bg5+ 0-1

[Event "III Open FIDE"]
[Site "Forli' ITA"]
[Date "1990.09.09"]
[Round "2"]
[White "Stelzer, Harald"]
[Black "Sakhatova, Gulnar"]
[WhiteElo "2240"]
[BlackElo "2315"]
[Result "0-1"]
[PlyCount "84"]
[EventDate "1990.09.08"]

1. d4 Nf6 2. c4 e6 3. Nc3 Bb4 4. e3 O-O 5. Bd3 d5 6. Nge2 c6 7. O-O Nbd7 8. e4
dxc4 9. Bxc4 e5 10. d5 Nb6 11. Bb3 cxd5 12. exd5 h6 13. a3 Bc5 14. Qc2 Bd7 15.
Qd3 Qe7 16. Be3 Bd6 17. f3 Rad8 18. Rad1 Nc8 19. Ng3 Bc5 20. Nge4 Bxe3+ 21.
Qxe3 Nxe4 22. Nxe4 Bf5 23. Rd2 Bxe4 24. fxe4 a6 25. Bd1 Nd6 26. Rdf2 Rc8 27.
Be2 b5 28. Bd3 a5 29. Qg3 Qg5 30. Qxg5 hxg5 31. Rd2 a4 32. Kf2 g6 33. g4 Kg7
34. Kg3 Rc4 35. Kf3 Rd4 36. Ke3 f5 37. gxf5 gxf5 38. exf5 Kf6 39. Rf3 Rxd3+ 40.
Rxd3 e4 41. Rh3 exd3 42. Rh6+ Ke5 0-1

[Event "III Open FIDE"]
[Site "Forli' ITA"]
[Date "1990.09.09"]
[Round "2"]
[White "Testa, Armando"]
[Black "Fries-Nielsen, Jens Ove"]
[WhiteElo "2220"]
[BlackElo "2395"]
[Result "0-1"]
[PlyCount "82"]
[EventDate "1990.09.08"]

1. d4 Nf6 2. Bg5 g6 3. Bxf6 exf6 4. e3 Bg7 5. c4 d6 6. Nc3 Nd7 7. Nf3 O-O 8. g3
f5 9. Bg2 Nf6 10. O-O Re8 11. Qc2 h5 12. Rfd1 c6 13. b4 Qe7 14. Rac1 Ne4 15.
Ne1 h4 16. Nd3 hxg3 17. hxg3 Bd7 18. Nf4 g5 19. Nfe2 Nf6 20. d5 Ng4 21. Qd2 Qf6
22. dxc6 Bxc6 23. Nd5 Qh6 24. Nd4 Bxd4 25. Qxd4 Qh2+ 26. Kf1 Re5 27. Rd2 Rae8
28. Bf3 Bxd5 29. Bxd5 Re4 30. Bxe4 Rxe4 31. Qxd6 Qh1+ 32. Ke2 Qxc1 33. Qd8+ Kh7
34. Qxg5 Qxc4+ 35. Kf3 Qc6 36. Rd6 Qxd6 37. Qxf5+ Qg6 38. Qxe4 Qxe4+ 39. Kxe4
Nxf2+ 40. Kf3 Nd3 41. Ke4 Nxb4 0-1

[Event "III Open FIDE"]
[Site "Forli' ITA"]
[Date "1990.09.09"]
[Round "2"]
[White "Werner, Dimo"]
[Black "Antonsen, Mikkel"]
[WhiteElo "2340"]
[BlackElo "2355"]
[Result "1-0"]
[PlyCount "53"]
[EventDate "1990.09.08"]

1. e4 e6 2. d4 d5 3. Nd2 Nf6 4. e5 Nfd7 5. f4 c5 6. c3 Nc6 7. Ndf3 Qb6 8. h4 h5
9. Ne2 f5 10. Rh3 cxd4 11. cxd4 Qd8 12. Kf2 Nb6 13. Nc3 Bd7 14. b3 Rc8 15. Nb5
Nb4 16. Ba3 a6 17. Bxb4 axb5 18. Bd6 Bc6 19. Rg3 Nd7 20. Ng5 Bxd6 21. Nxe6 Qxh4
22. Nxg7+ Kd8 23. Nxf5 Qxf4+ 24. Rf3 Qh2 25. Nxd6 Rg8 26. Qd2 Ra8 27. Nf7+ 1-0